Matthew Arnold. (Record no. 187797)
[ view plain ]
| 000 -LEADER | |
|---|---|
| fixed length control field | 00697cam2a220021700 4500 |
| 001 - CONTROL NUMBER | |
| control field | tmp15975832 |
| 003 - CONTROL NUMBER IDENTIFIER | |
| control field | UPRA |
| 005 - DATE AND TIME OF LATEST TRANSACTION | |
| control field | 20190830110044.0 |
| 008 - FIXED-LENGTH DATA ELEMENTS--GENERAL INFORMATION | |
| fixed length control field | 951116s1955 nyu beng u |
| 035 ## - SYSTEM CONTROL NUMBER | |
| System control number | (Sirsi) r26198 |
| 035 ## - SYSTEM CONTROL NUMBER | |
| System control number | (UPRA)tmp15975832 |
| 040 ## - CATALOGING SOURCE | |
| Transcribing agency | UPRA |
| 100 1# - MAIN ENTRY--PERSONAL NAME | |
| Personal name | Trilling, Lionel, 1905-1975. |
| Dates associated with a name | Trilling, Lionel, 1905-1975. |
| Linkage | A45048.1 |
| 245 10 - TITLE STATEMENT | |
| Title | Matthew Arnold. |
| 260 ## - PUBLICATION, DISTRIBUTION, ETC. | |
| Place of publication, distribution, etc. | New York : |
| Name of publisher, distributor, etc. | Meridian Books, |
| Date of publication, distribution, etc. | 1955. |
| 440 #0 - SERIES STATEMENT/ADDED ENTRY--TITLE | |
| Title | Meridian books ; |
| Volume/sequential designation | M19 |
| Linkage | S302.1 |
| 600 10 - SUBJECT ADDED ENTRY--PERSONAL NAME | |
| Personal name | Arnold, Matthew, 1822-1888. |
| Dates associated with a name | Arnold, Matthew, 1822-1888. |
| Linkage | S56378.1 |
| 949 ## - LOCAL PROCESSING INFORMATION (OCLC) | |
| a | PR4024 |
| w | lcc |
| i | -26817 |
| m | MAIN |
| t | BOOK |
| l | ON-SHELF |
| 949 ## - LOCAL PROCESSING INFORMATION (OCLC) | |
| a | PR4024 |
| w | lcc |
| i | -26818 |
| m | MAIN |
| t | BOOK |
| l | ON-SHELF |
No items available.